Guess the Harry Potter Teachers/Staff Quiz - Statistics

General Stats
  • This quiz has been taken 22 times
    20 since last reset
  • The average score is 12 of 17
Answer Stats
Hint Answer % Correct
Potions Severus Snape
100%
Headmaster Albus Dumbledore
88%
Defense Against the Dark Arts Remus Lupin
88%
Defense Against the Dark Arts Gilderoy Lockhart
82%
Potions Horace Slughorn
82%
Care of Magical Creatures Rubeus Hagrid
82%
Defense Against the Dark Arts Alastor Moody
76%
Defense Against the Dark Arts Dolores Umbridge
76%
Charms Filius Fliwick
76%
Transfiguration Minerva McGonagall
76%
Caretaker Argus Filch
71%
Hogwarts Healer Poppy Pomfrey
71%
History of Magic Cuthbert Binns
65%
Defense Against the Dark Arts Quiriness Quirell
65%
Herbology Pomona Sprout
59%
Arithmacy Septima Vector
47%
Divination Sybill Trewlawney
12%
No matching quizzes found
Score Distribution
Percent of People with Each Score
Percentile by Number Answered
Your Score History
You have not taken this quiz since the last reset